LEADER 01560nam a2200265 i 4500 001 000000050167 003 CaOOAMICUS 005 20120711000000.0 008 120711s1979 it u000 u ita u 013 $a21338 040 $aSeMil$bita 245 13$aLa coscienza contemporanea tra "pubblico" e "privato" :$bla famiglia crocevia della tensione. Atti del 49. corso di aggiornamento culturale dell'Universitą Cattolica, Reggio Calabria, 9-14 settembre 1979 /$ccontributi di Lazzati ... [et al.]. 246 04$iTitolo in copertina:$aLa famiglia crocevia della tensione : tra "pubblico" e "privato" 260 $aMilano :$bVita e Pensiero,$c1979. 300 $a311 p. ;$c22 cm. 490 0 $aLe api : collana di scienze umane, scienze religiose, lettere ed arti 500 $aContiene : Nota bibliografica. 650 4$aFamiglia - Studi.$0(OLS)http://semarc/subject/5647 700 1 $aLazzati, Giuseppe,$d<1909-1986>.$0(OLS)http://semarc/name/41 830 3$aLe api.$0(OLS)http://semarc/title/6938 850 $aSeMil 852 $aSeMil$W1$xVenegono$y1$m2E IV 180$j16322$B16322$CSeMilBibl$Z2$F16322 $81 996 $6245$aLa coscienza contemporanea tra "pubblico" e "privato" :$bla famiglia crocevia della tensione. Atti del 49. corso di aggiornamento culturale dell'Universitą Cattolica, Reggio Calabria, 9-14 settembre 1979$9(OLS)http://semarc/title/76546 996 $6246$aLa famiglia crocevia della tensione : tra "pubblico" e "privato"$9(OLS)http://semarc/title/76547 996 $6260$aMilano :$bVita e Pensiero$9(OLS)http://semarc/publisher/29642 LEADER 01106nam a2200241 i 4500 001 000000202171 003 CaOOAMICUS 005 20160427000000.0 008 160427s1995 it u000 u ita u 013 $a180877 040 $aSeMil$bita 245 10$aIdentitą e alteritą: figure del corpo, 1895-1995 :$bla Biennale di Venezia, 46. esposizione internazionale d'arte. 260 $aVenezia :$bMarsilio,$c1995. 300 $aXXXI, 589 p. :$bill. ;$c29 cm. 500 $aCatalogo della Mostra tenuta nel 1995. 650 4$aAlteritą.$0(OLS)http://semarc/subject/1116 650 4$aIdentitą.$0(OLS)http://semarc/subject/26666 650 4$aBiennale di Venezia - 1995.$0(OLS)http://semarc/subject/37992 850 $aSeMil 852 $aSeMil$W1$xVenegono$y1$m5F IX 49$j152694$B152694$CSeMilBibl$Z2$F211840 $81 961 $aLascito: Istituto San Vincenzo 996 $6245$aIdentitą e alteritą: figure del corpo, 1895-1995 :$bla Biennale di Venezia, 46. esposizione internazionale d'arte$9(OLS)http://semarc/title/292639 996 $6260$aVenezia :$bMarsilio$9(OLS)http://semarc/publisher/30231